| 000 | 00569nam a22001937a 4500 | ||
|---|---|---|---|
| 999 |
_c84906 _d84906 |
||
| 005 | 20220606164301.0 | ||
| 010 | _aENG-110162 | ||
| 020 |
_a9789382059202 _c995.00 |
||
| 035 | _aEN-93694 | ||
| 037 | _bDBAD/PUB | ||
| 082 | _a305.42095417 | ||
| 100 | _aSitlhou, Hoineilhing | ||
| 245 |
_aKuki women / _cby Hoineilhing Sitlhou |
||
| 260 |
_aNew Delhi _bSynergy Book India _c2014 |
||
| 270 |
_a24/4800, Ansari Road, Darya Ganj _bNew Delhi _e110002 |
||
| 300 |
_axix,325p. _c22cm(Hb) |
||
| 500 | _aIncludes index | ||
| 942 |
_2ddc _cEN _mSIT _h305.42095417 |
||